Appendices to the budget speech, 1960-61 (Record no. 508513)

000 -LEADER
fixed length control field 00318nam a2200121 4500
082 ## - DEWEY DECIMAL CLASSIFICATION NUMBER
Classification number L1 MADR/1960-61/A1
100 ## - MAIN ENTRY--PERSONAL NAME
Personal name Government of Madras
9 (RLIN) 3308
245 ## - TITLE STATEMENT
Title Appendices to the budget speech, 1960-61
260 ## - PUBLICATION, DISTRIBUTION, ETC. (IMPRINT)
Place of publication, distribution, etc Madras
Name of publisher, distributor, etc Government Press
Date of publication, distribution, etc 1960
300 ## - PHYSICAL DESCRIPTION
Extent 17p.
650 ## - SUBJECT ADDED ENTRY--TOPICAL TERM
Topical term or geographic name as entry element Budget - Madras
9 (RLIN) 3886
942 ## - ADDED ENTRY ELEMENTS (KOHA)
Source of classification or shelving scheme
Holdings
Withdrawn status Lost status Source of classification or shelving scheme Damaged status Koha normalized classification for sorting Not for loan Permanent location Current location Date acquired Full call number Barcode Date last seen Price effective from Koha item type
        L_1_000000000000000_MADR_196061_A1   Indian Institute of Public Administration Indian Institute of Public Administration 2019-03-29 L1 MADR/1960-61/A1 GG34387 2019-03-29 2019-03-29 GG

Powered by Koha